| 000 | 00772cam a22002538a 4500 | ||
|---|---|---|---|
| 008 | |||
| 020 | _a0750656212 (pbk.) | ||
| 049 | _aMAIN | ||
| 090 |
_aT58.6 _bWIL |
||
| 100 | 1 | _aWilson, David A. | |
| 245 | 1 | 0 |
_aManaging information : _bIT for business processses / _cDavid A. Wilson. |
| 250 | _a3rd ed. | ||
| 260 |
_aOxford : _bElsevier/Butterworth-Heinemann, _c2002. |
||
| 300 |
_axii, 269 p. : _bill. ; _c25 cm. |
||
| 504 | _aIncludes bibliographical references. | ||
| 500 | _aIncludes index. | ||
| 650 | _aInformation technology. | ||
| 650 | 0 | _aInformation resources management. | |
| 907 |
_a.b10285106 _b10-11-10 _c21-10-10 |
||
| 003 | |||
| 005 | 20250429204752.0 | ||
| 040 | _cNUST | ||
| 942 |
_cBOOKS _kT58.6 _mWIL _01 |
||
| 999 |
_c135128 _d135128 |
||